Diarios íntimos
সংরক্ষণ করুন:
| প্রধান লেখক: | |
|---|---|
| বিন্যাস: | গ্রন্থ |
| ভাষা: | স্প্যানিশ |
| প্রকাশিত: |
Santiago
Alquimia
2015
|
| সংস্করন: | 1a. ed |
| মালা: | Colección Umbrales de Memoria
|
| বিষয়গুলি: | |
| ট্যাগগুলো: |
ট্যাগ যুক্ত করুন
কোনো ট্যাগ নেই, প্রথমজন হিসাবে ট্যাগ করুন!
|
MARC
| LEADER | 00000cam a2200000 a 4500 | ||
|---|---|---|---|
| 001 | UCC3203 | ||
| 003 | CL-VaPUC | ||
| 008 | 180422e20150000cl |||||||||||||||||spa|d | ||
| 020 | |a 9789569131196 | ||
| 082 | 0 | 4 | |a Ch860.9 |b WIL |2 21 |
| 100 | |a Wilms Montt, Teresa |e author |9 390331 | ||
| 245 | 1 | 0 | |a Diarios íntimos |
| 250 | |a 1a. ed | ||
| 300 | |a 149 p | ||
| 942 | |c BK | ||
| 945 | |d 20180422 17:11:00 |a arojas | ||
| 260 | |a Santiago |b Alquimia |c 2015 | ||
| 650 | 0 | |a Poesías |9 267890 | |
| 650 | 0 | |a Biografías |9 255210 | |
| 650 | 7 | |a MEMORIAS |2 CL-VaPUC |9 269159 | |
| 650 | 0 | |a Diarios |9 420844 | |
| 650 | 0 | |a Literatura chilena |9 308278 | |
| 583 | |a last modification |c 20180422 17:11:00 |k Rodrigo Vera | ||
| 490 | 0 | |a Colección Umbrales de Memoria | |
| 999 | |c 371009 |d 371007 | ||
| 952 | |0 0 |1 0 |3 erb |4 0 |6 CH_860_900000000000000_WIL_2015 |7 0 |8 A |9 487846 |a BIBEDU |b BIBEDU |c ES_NOD |i 5465095 |l 13 |m 5 |o Ch860.9 WIL 2015 |p 5465095 |r 2025-03-21 |s 2025-03-14 |w 2019-11-24 |y BK |z Catalogado en:20180422 |k LIT | ||
| 952 | |0 0 |1 0 |3 erb |4 0 |6 CH_860_900000000000000_WIL_2015 |7 0 |8 A |9 487847 |a BIBEDU |b BIBEDU |c ES_NOD |i 5465109 |l 11 |o Ch860.9 WIL 2015 |p 5465109 |r 2024-05-10 |s 2024-04-17 |w 2019-11-24 |y BK |z Catalogado en:20180422 |k LIT | ||